00800nam a2200217 a 4500003000900000005001700009007000300026008003800029020001800067040002500085082002100110100003200131245015000163260003900313300002000352500007100372600003200443650002700475650004700502700003300549DO-SdBNP20250219074027.0ta100322s2018 dr 000 0 spa d a9789945609349 aDO-SdBNPbspacBNPHU 4a860.9bM632p2221 aMieses, Juan Carlos,d1947-10aPalabras como agua :bdiálogos y reflexiones de Juan Carlos Mieses en torno al oficio de escritor /cJuan Carlos Mieses ; editor Isael Pérez  aSanto Domingo :bSantuario,c2018. a79 p. :c23 cm. aIncluye datos biográficos del autor en la solapa de la cubierta.10aMieses, Juan Carlos,d1947- 0aLiteratura dominicana. 4aAutores dominicanosxEntrevistasySiglo XX1 aPérez, Isael,d1961-eedi.